[Event "2023 National K-12 Grade Championships"]
[Site "Orlando, Florida, United States"]
[Date "2023.12.16"]
[Round "4.15"]
[White "Liu, Eric Chang"]
[Black "Thilop, Aarav Nambiar"]
[Result "1-0"]
[TimeControl "G/90;d10"]
[WhiteElo "2377"]
[BlackElo "1941"]

1. e4 {[%clk 01:30:00]} {[%emt 00:00:02]} c5 {[%clk 01:30:00]} {[%emt
00:00:06]} 2. Nc3 {[%clk 01:29:27]} {[%emt 00:00:44]} e6 {[%clk 01:30:00]}
{[%emt 00:00:05]} 3. Nf3 {[%clk 01:29:14]} {[%emt 00:00:22]} a6 {[%clk
01:30:00]} {[%emt 00:00:06]} 4. d4 {[%clk 01:28:47]} {[%emt 00:00:37]} cxd4
{[%clk 01:30:00]} {[%emt 00:00:05]} 5. Nxd4 {[%clk 01:28:47]} {[%emt 00:00:05]}
b5 {[%clk 01:30:00]} {[%emt 00:00:06]} 6. Bd3 {[%clk 01:28:47]} {[%emt
00:00:07]} Bb7 {[%clk 01:30:00]} {[%emt 00:00:04]} 7. O-O {[%clk 01:26:37]}
{[%emt 00:02:21]} Nf6 {[%clk 01:29:16]} {[%emt 00:00:54]} 8. a3 {[%clk
01:19:39]} {[%emt 00:07:08]} Nc6 {[%clk 01:25:22]} {[%emt 00:04:04]} 9. Nxc6
{[%clk 01:14:19]} {[%emt 00:05:30]} Bxc6 {[%clk 01:25:22]} {[%emt 00:00:02]} 10.
e5 {[%clk 01:13:22]} {[%emt 00:01:07]} Nd5 {[%clk 01:25:19]} {[%emt 00:00:12]}
11. Ne4 {[%clk 01:13:22]} {[%emt 00:00:06]} Qc7 {[%clk 01:17:51]} {[%emt
00:07:37]} 12. Qh5 {[%clk 01:12:56]} {[%emt 00:00:36]} Be7 {[%clk 01:08:10]}
{[%emt 00:09:51]} 13. f4 {[%clk 01:02:16]} {[%emt 00:10:50]} O-O-O {[%clk
00:57:18]} {[%emt 00:11:03]} 14. Bd2 {[%clk 00:57:36]} {[%emt 00:04:50]} f5
{[%clk 00:54:59]} {[%emt 00:02:28]} 15. Ng5 {[%clk 00:38:33]} {[%emt 00:19:14]}
Rdf8 {[%clk 00:50:52]} {[%emt 00:04:16]} 16. Qe2 {[%clk 00:29:23]} {[%emt
00:09:21]} Bc5+ {[%clk 00:43:38]} {[%emt 00:07:21]} 17. Kh1 {[%clk 00:29:23]}
{[%emt 00:00:04]} Nb6 {[%clk 00:43:11]} {[%emt 00:00:37]} 18. Bb4 {[%clk
00:25:38]} {[%emt 00:03:55]} Bxb4 {[%emt 00:03:49]} 19. axb4 {[%clk 00:25:38]}
{[%emt 00:00:03]} Kb7 {[%clk 00:34:38]} {[%emt 00:05:05]} 20. b3 {[%clk
00:22:57]} {[%emt 00:02:51]} h6 {[%clk 00:30:19]} {[%emt 00:04:28]} 21. Nf3
{[%clk 00:22:57]} {[%emt 00:00:06]} Nd5 {[%clk 00:25:57]} {[%emt 00:04:33]} 22.
Qd2 {[%clk 00:22:57]} {[%emt 00:00:07]} g5 {[%clk 00:25:24]} {[%emt 00:00:42]}
23. fxg5 {[%clk 00:13:36]} {[%emt 00:09:32]} hxg5 {[%clk 00:25:24]} {[%emt
00:00:02]} 24. Qxg5 {[%clk 00:10:22]} {[%emt 00:03:24]} f4 {[%clk 00:23:49]}
{[%emt 00:01:45]} 25. h4 {[%clk 00:04:09]} {[%emt 00:06:23]} Rfg8 {[%clk
00:20:21]} {[%emt 00:03:39]} 26. Bg6 {[%clk 00:04:09]} {[%emt 00:00:01]} Ne3
{[%clk 00:19:39]} {[%emt 00:00:51]} 27. h5 {[%clk 00:02:05]} {[%emt 00:02:14]}
Nf5 {[%clk 00:18:19]} {[%emt 00:01:31]} 28. Kg1 {[%clk 00:01:32]} {[%emt
00:00:42]} Ng3 {[%clk 00:15:49]} {[%emt 00:02:40]} 29. h6 {[%clk 00:00:33]}
{[%emt 00:01:10]} Rxg6 {[%clk 00:11:41]} {[%emt 00:04:17]} 30. Qxg6 {[%clk
00:00:33]} {[%emt 00:00:05]} Be4 {[%clk 00:11:41]} 31. Qf6 {[%clk 00:00:24]}
{[%emt 00:00:19]} Rh7 {[%clk 00:11:32]} {[%emt 00:00:19]} 32. Ng5 {[%clk
00:00:19]} {[%emt 00:00:15]} Nxf1 {[%clk 00:08:18]} {[%emt 00:03:24]} 33. Nxe4
{[%clk 00:00:13]} {[%emt 00:00:17]} Ng3 {[%clk 00:06:17]} {[%emt 00:02:11]} 34.
Nc5+ {[%clk 00:00:13]} Qxc5+ {[%clk 00:04:35]} {[%emt 00:01:52]} 35. bxc5
{[%clk 00:00:13]} {[%emt 00:00:01]} Nf5 {[%clk 00:04:35]} {[%emt 00:00:02]} 36.
Qg5 {[%clk 00:00:13]} {[%emt 00:00:04]} Rxh6 {[%clk 00:04:19]} {[%emt
00:00:27]} 37. Qxf4 {[%clk 00:00:13]} Rh4 {[%clk 00:04:19]} {[%emt 00:00:03]}
38. Qf3+ {[%clk 00:00:13]} {[%emt 00:00:03]} Ka7 {[%clk 00:04:13]} {[%emt
00:00:16]} 39. c6 {[%clk 00:00:13]} Nd4 {[%clk 00:04:09]} {[%emt 00:00:13]} 40.
Qf2 {[%clk 00:00:13]} {[%emt 00:00:01]} dxc6 {[%clk 00:04:02]} {[%emt
00:00:17]} 41. Qxh4 {[%clk 00:00:13]} {[%emt 00:00:01]} c5 {[%clk 00:04:02]}
{[%emt 00:00:08]} 42. Qe7+ {[%clk 00:00:13]} {[%emt 00:00:01]} Kb6 {[%clk
00:04:02]} {[%emt 00:00:02]} 43. Qd6+ {[%clk 00:00:13]} {[%emt 00:00:02]} Nc6
{[%clk 00:04:02]} {[%emt 00:00:02]} 44. Rxa6+ {[%clk 00:00:13]} {[%emt
00:00:01]} 1-0

[Event "2023 National K-12 Grade Championships"]
[Site "Orlando, Florida, United States"]
[Date "2023.12.16"]
[Round "4.16"]
[White "Collins, Alexander"]
[Black "Chakrabarti, Brejesh"]
[Result "0-1"]
[TimeControl "G/90;d10"]
[WhiteElo "1906"]
[BlackElo "2328"]

1. e4 {[%clk 01:29:35]} {[%emt 00:00:34]} c5 {[%clk 01:30:00]} {[%emt
00:00:04]} 2. Nf3 {[%clk 01:29:30]} {[%emt 00:00:15]} Nc6 {[%clk 01:29:58]}
{[%emt 00:00:13]} 3. d4 {[%clk 01:29:27]} {[%emt 00:00:13]} cxd4 {[%clk
01:29:58]} {[%emt 00:00:01]} 4. Nxd4 {[%clk 01:29:27]} {[%emt 00:00:08]} g6
{[%clk 01:29:58]} 5. c4 {[%clk 01:28:55]} {[%emt 00:00:41]} Nf6 {[%clk
01:29:58]} {[%emt 00:00:10]} 6. Nc3 {[%clk 01:28:55]} {[%emt 00:00:07]} d6
{[%clk 01:29:58]} 7. Be2 {[%clk 01:26:32]} {[%emt 00:02:33]} Nxd4 {[%clk
01:29:58]} {[%emt 00:00:08]} 8. Qxd4 {[%clk 01:26:31]} {[%emt 00:00:11]} Bg7
{[%clk 01:29:58]} {[%emt 00:00:03]} 9. Be3 {[%clk 01:25:37]} {[%emt 00:01:03]}
O-O {[%clk 01:29:58]} {[%emt 00:00:04]} 10. Qd2 {[%clk 01:23:53]} {[%emt
00:01:54]} Be6 {[%clk 01:29:58]} {[%emt 00:00:02]} 11. O-O {[%clk 01:21:49]}
{[%emt 00:02:13]} Qa5 {[%clk 01:29:58]} {[%emt 00:00:02]} 12. f3 {[%clk
01:12:37]} {[%emt 00:09:22]} Rfc8 {[%clk 01:29:20]} {[%emt 00:00:48]} 13. b3
{[%clk 01:03:52]} {[%emt 00:08:55]} a6 {[%clk 01:22:36]} {[%emt 00:06:54]} 14.
Rac1 {[%clk 00:58:37]} {[%emt 00:05:25]} b5 {[%clk 01:19:23]} {[%emt 00:03:23]}
15. Nd5 {[%clk 00:53:42]} {[%emt 00:05:05]} Qxd2 {[%clk 01:19:11]} {[%emt
00:00:23]} 16. Bxd2 {[%clk 00:53:02]} {[%emt 00:00:50]} Nxd5 {[%clk 01:18:54]}
{[%emt 00:00:27]} 17. cxd5 {[%clk 00:52:11]} {[%emt 00:01:01]} Bd4+ {[%clk
01:18:46]} {[%emt 00:00:18]} 18. Kh1 {[%clk 00:51:32]} {[%emt 00:00:49]} Bd7
{[%clk 01:18:46]} {[%emt 00:00:03]} 19. Bf4 {[%clk 00:39:58]} {[%emt 00:11:44]}
f5 {[%clk 01:15:53]} {[%emt 00:03:02]} 20. h3 {[%clk 00:32:15]} {[%emt
00:07:53]} Kg7 {[%clk 01:11:55]} {[%emt 00:04:08]} 21. g4 {[%clk 00:26:41]}
{[%emt 00:05:45]} Kf6 {[%clk 01:07:58]} {[%emt 00:04:06]} 22. g5+ {[%clk
00:22:29]} {[%emt 00:04:22]} Kf7 {[%clk 01:07:37]} {[%emt 00:00:31]} 23. Kg2
{[%clk 00:21:34]} {[%emt 00:01:05]} Bb2 {[%clk 01:06:34]} {[%emt 00:01:13]} 24.
Rxc8 {[%clk 00:13:37]} {[%emt 00:08:07]} Rxc8 {[%clk 01:06:34]} {[%emt
00:00:08]} 25. Bd3 {[%clk 00:10:04]} {[%emt 00:03:43]} Rc3 {[%clk 01:02:50]}
{[%emt 00:03:53]} 26. Bb1 {[%clk 00:09:41]} {[%emt 00:00:33]} fxe4 {[%clk
01:02:22]} {[%emt 00:00:39]} 27. Bxe4 {[%clk 00:09:41]} {[%emt 00:00:02]} Rc8
{[%clk 01:00:10]} {[%emt 00:02:21]} 28. Rf2 {[%clk 00:09:16]} {[%emt 00:00:36]}
Bc1 {[%clk 00:55:54]} {[%emt 00:04:26]} 29. Bxc1 {[%clk 00:07:59]} {[%emt
00:01:28]} Rxc1 {[%clk 00:55:54]} {[%emt 00:00:02]} 30. Rc2 {[%clk 00:07:46]}
{[%emt 00:00:22]} Ra1 {[%clk 00:55:17]} {[%emt 00:00:46]} 31. h4 {[%clk
00:07:10]} {[%emt 00:00:47]} a5 {[%clk 00:54:13]} {[%emt 00:01:13]} 32. Kg3
{[%clk 00:04:32]} {[%emt 00:02:48]} a4 {[%clk 00:53:06]} {[%emt 00:01:18]} 33.
b4 {[%clk 00:03:29]} {[%emt 00:01:13]} Rg1+ {[%clk 00:50:05]} {[%emt 00:03:10]}
34. Rg2 {[%clk 00:03:05]} {[%emt 00:00:34]} Rd1 {[%clk 00:49:53]} {[%emt
00:00:21]} 35. Rc2 {[%clk 00:02:47]} {[%emt 00:00:30]} Bf5 {[%clk 00:47:24]}
{[%emt 00:02:39]} 36. Kf4 {[%clk 00:02:05]} {[%emt 00:00:52]} Bd7 {[%clk
00:41:44]} {[%emt 00:05:49]} 37. h5 {[%clk 00:01:09]} {[%emt 00:01:07]} Ra1
{[%clk 00:39:25]} {[%emt 00:02:22]} 38. hxg6+ {[%clk 00:01:06]} {[%emt
00:00:20]} hxg6 {[%clk 00:39:25]} {[%emt 00:00:01]} 39. Rc7 {[%clk 00:00:53]}
{[%emt 00:00:24]} Be8 {[%clk 00:38:48]} {[%emt 00:00:46]} 40. Rc2 {[%clk
00:00:53]} {[%emt 00:00:03]} Rd1 {[%clk 00:36:54]} {[%emt 00:02:03]} 41. Ke3
{[%clk 00:00:29]} {[%emt 00:00:34]} Re1+ {[%clk 00:35:50]} {[%emt 00:01:13]} 42.
Kf4 {[%clk 00:00:29]} {[%emt 00:00:05]} Ra1 {[%clk 00:35:50]} {[%emt 00:00:05]}
43. Ke3 {[%clk 00:00:17]} {[%emt 00:00:23]} Rd1 {[%clk 00:33:37]} {[%emt
00:02:19]} 44. Rc8 {[%clk 00:00:11]} {[%emt 00:00:20]} Re1+ {[%clk 00:32:58]}
{[%emt 00:00:48]} 45. Kf4 {[%clk 00:00:11]} {[%emt 00:00:02]} Bd7 {[%clk
00:25:25]} {[%emt 00:07:43]} 46. Rc7 {[%clk 00:00:11]} {[%emt 00:00:04]} Bh3
{[%clk 00:24:53]} {[%emt 00:00:41]} 47. Bd3 {[%clk 00:00:06]} {[%emt 00:00:16]}
Rd1 {[%clk 00:23:55]} {[%emt 00:01:08]} 48. Rc3 {[%clk 00:00:05]} {[%emt
00:00:11]} Bd7 {[%clk 00:23:27]} {[%emt 00:00:38]} 49. Be4 {[%clk 00:00:05]}
{[%emt 00:00:06]} Ra1 {[%clk 00:22:21]} {[%emt 00:01:16]} 50. Rc2 {[%clk
00:00:05]} {[%emt 00:00:02]} Rd1 {[%clk 00:20:33]} {[%emt 00:01:57]} 51. Ke3
{[%clk 00:00:05]} {[%emt 00:00:07]} Bf5 {[%clk 00:15:26]} {[%emt 00:05:17]} 52.
Bxf5 {[%clk 00:00:01]} {[%emt 00:00:14]} gxf5 {[%clk 00:15:26]} {[%emt
00:00:07]} 53. Kf4 {[%clk 00:00:01]} {[%emt 00:00:02]} Rxd5 {[%clk 00:15:19]}
{[%emt 00:00:17]} 54. Rg2 {[%clk 00:00:01]} {[%emt 00:00:08]} Rd4+ {[%clk
00:15:19]} {[%emt 00:00:04]} 55. Kxf5 {[%clk 00:00:01]} {[%emt 00:00:02]} e6#
{[%clk 00:15:19]} 0-1

[Event "2023 National K-12 Grade Championships"]
[Site "Orlando, Florida, United States"]
[Date "2023.12.16"]
[Round "4.17"]
[White "Zhou, Audrey"]
[Black "Jiang, Andrew"]
[Result "0-1"]
[TimeControl "G/90;d10"]
[WhiteElo "1830"]
[BlackElo "2314"]

1. e4 {[%clk 01:30:00]} {[%emt 00:00:05]} e5 {[%clk 01:30:00]} {[%emt
00:00:09]} 2. Nf3 {[%clk 01:30:00]} {[%emt 00:00:05]} Nc6 {[%clk 01:30:00]}
{[%emt 00:00:06]} 3. Bb5 {[%clk 01:30:00]} {[%emt 00:00:06]} a6 {[%clk
01:30:00]} {[%emt 00:00:06]} 4. Ba4 {[%clk 01:30:00]} {[%emt 00:00:04]} Nf6
{[%clk 01:30:00]} {[%emt 00:00:08]} 5. O-O {[%clk 01:30:00]} {[%emt 00:00:06]}
Be7 {[%clk 01:30:00]} {[%emt 00:00:04]} 6. Re1 {[%clk 01:30:00]} {[%emt
00:00:06]} b5 {[%clk 01:30:00]} {[%emt 00:00:06]} 7. Bb3 {[%clk 01:30:00]}
{[%emt 00:00:06]} d6 {[%clk 01:30:00]} {[%emt 00:00:05]} 8. c3 {[%clk
01:30:00]} {[%emt 00:00:09]} O-O {[%clk 01:30:00]} {[%emt 00:00:06]} 9. h3
{[%clk 01:30:00]} {[%emt 00:00:04]} Nb8 {[%clk 01:30:00]} {[%emt 00:00:06]} 10.
d4 {[%clk 01:30:00]} {[%emt 00:00:10]} Nbd7 {[%clk 01:30:00]} {[%emt 00:00:07]}
11. Nbd2 {[%clk 01:30:00]} {[%emt 00:00:08]} Bb7 {[%clk 01:30:00]} {[%emt
00:00:06]} 12. Bc2 {[%clk 01:30:00]} {[%emt 00:00:08]} Re8 {[%clk 01:30:00]}
{[%emt 00:00:06]} 13. Nf1 {[%clk 01:30:00]} {[%emt 00:00:06]} Bf8 {[%clk
01:30:00]} {[%emt 00:00:05]} 14. Ng3 {[%clk 01:30:00]} {[%emt 00:00:06]} g6
{[%clk 01:30:00]} {[%emt 00:00:06]} 15. a4 {[%clk 01:23:30]} {[%emt 00:06:41]}
Nb6 {[%clk 01:29:38]} {[%emt 00:00:33]} 16. axb5 {[%clk 01:21:15]} {[%emt
00:02:24]} axb5 {[%clk 01:29:38]} {[%emt 00:00:05]} 17. Bg5 {[%clk 01:21:11]}
{[%emt 00:00:13]} h6 {[%clk 01:20:48]} {[%emt 00:09:01]} 18. Bd2 {[%clk
01:18:59]} {[%emt 00:02:22]} Nc4 {[%clk 01:17:45]} {[%emt 00:03:14]} 19. b3
{[%clk 01:12:47]} {[%emt 00:06:21]} Rxa1 {[%clk 01:16:34]} {[%emt 00:01:21]} 20.
Qxa1 {[%clk 01:10:39]} {[%emt 00:02:18]} Nxd2 {[%clk 01:16:34]} {[%emt
00:00:03]} 21. Nxd2 {[%clk 01:10:39]} {[%emt 00:00:07]} c6 {[%clk 01:16:34]}
{[%emt 00:00:03]} 22. Nf3 {[%clk 01:07:55]} {[%emt 00:02:54]} Qb6 {[%clk
01:14:49]} {[%emt 00:01:54]} 23. b4 {[%clk 01:02:29]} {[%emt 00:05:36]} exd4
{[%clk 01:09:02]} {[%emt 00:05:57]} 24. cxd4 {[%clk 01:02:22]} {[%emt
00:00:17]} Bg7 {[%clk 01:09:01]} {[%emt 00:00:12]} 25. Qc3 {[%clk 00:55:18]}
{[%emt 00:07:13]} Nd7 {[%clk 01:06:39]} {[%emt 00:02:33]} 26. Qd2 {[%clk
00:48:37]} {[%emt 00:06:51]} Qc7 {[%clk 01:05:51]} {[%emt 00:00:58]} 27. Bd3
{[%clk 00:47:01]} {[%emt 00:01:45]} Qb6 {[%clk 01:03:23]} {[%emt 00:02:39]} 28.
Bf1 {[%clk 00:45:28]} {[%emt 00:01:42]} Nf8 {[%clk 01:02:01]} {[%emt 00:01:32]}
29. h4 {[%clk 00:41:43]} {[%emt 00:03:56]} h5 {[%clk 01:00:37]} {[%emt
00:01:34]} 30. Rd1 {[%clk 00:31:39]} {[%emt 00:10:13]} Ne6 {[%clk 00:57:22]}
{[%emt 00:03:25]} 31. e5 {[%clk 00:29:38]} {[%emt 00:02:11]} Rd8 {[%clk
00:51:09]} {[%emt 00:06:23]} 32. Qc2 {[%clk 00:26:13]} {[%emt 00:03:35]} dxe5
{[%clk 00:50:12]} {[%emt 00:01:08]} 33. dxe5 {[%clk 00:26:13]} {[%emt
00:00:09]} Rxd1 {[%clk 00:48:19]} {[%emt 00:02:03]} 34. Qxd1 {[%clk 00:26:13]}
{[%emt 00:00:07]} c5 {[%clk 00:48:03]} {[%emt 00:00:25]} 35. bxc5 {[%clk
00:21:56]} {[%emt 00:04:28]} Qxc5 {[%clk 00:47:59]} {[%emt 00:00:14]} 36. Qd7
{[%clk 00:20:59]} {[%emt 00:01:06]} Bxf3 {[%clk 00:45:08]} {[%emt 00:03:02]} 37.
gxf3 {[%clk 00:20:58]} {[%emt 00:00:11]} Bxe5 {[%clk 00:44:39]} {[%emt
00:00:40]} 38. Ne4 {[%clk 00:20:18]} {[%emt 00:00:49]} Qc7 {[%clk 00:37:54]}
{[%emt 00:06:56]} 39. Bxb5 {[%clk 00:16:17]} {[%emt 00:04:11]} Qc1+ {[%clk
00:37:40]} {[%emt 00:00:23]} 40. Bf1 {[%clk 00:16:14]} {[%emt 00:00:12]} Qf4
{[%clk 00:37:33]} {[%emt 00:00:18]} 41. Bg2 {[%clk 00:11:52]} {[%emt 00:04:32]}
Qxh4 {[%clk 00:37:18]} {[%emt 00:00:24]} 42. Qe8+ {[%clk 00:11:19]} {[%emt
00:00:44]} Kg7 {[%clk 00:36:22]} {[%emt 00:01:06]} 43. Nc5 {[%clk 00:09:58]}
{[%emt 00:01:31]} Bh2+ {[%emt 00:00:40]} 0-1

[Event "2023 National K-12 Grade Championships"]
[Site "Orlando, Florida, United States"]
[Date "2023.12.16"]
[Round "4.18"]
[White "Thimmasamudram, Sandeep"]
[Black "Qian, Bobby"]
[Result "1/2-1/2"]
[TimeControl "G/90;d10"]
[WhiteElo "1816"]
[BlackElo "2131"]

1. e4 {[%clk 01:30:00]} {[%emt 00:00:02]} e5 {[%clk 01:30:00]} {[%emt
00:00:07]} 2. Nf3 {[%clk 01:30:00]} {[%emt 00:00:05]} Nc6 {[%clk 01:30:00]}
{[%emt 00:00:03]} 3. Bc4 {[%clk 01:30:00]} {[%emt 00:00:10]} Bc5 {[%clk
01:30:00]} {[%emt 00:00:05]} 4. c3 {[%clk 01:30:00]} {[%emt 00:00:09]} Nf6
{[%clk 01:30:00]} {[%emt 00:00:05]} 5. d3 {[%clk 01:30:00]} {[%emt 00:00:07]}
O-O {[%clk 01:30:00]} {[%emt 00:00:06]} 6. O-O {[%clk 01:30:00]} {[%emt
00:00:08]} d5 {[%clk 01:29:49]} {[%emt 00:00:21]} 7. exd5 {[%clk 01:29:42]}
{[%emt 00:00:29]} Nxd5 {[%clk 01:29:49]} {[%emt 00:00:05]} 8. Bg5 {[%clk
01:29:21]} {[%emt 00:00:32]} f6 {[%clk 01:21:13]} {[%emt 00:08:45]} 9. Bh4
{[%clk 01:28:25]} {[%emt 00:01:05]} Kh8 {[%clk 01:20:13]} {[%emt 00:01:12]} 10.
Nbd2 {[%clk 01:26:23]} {[%emt 00:02:11]} Nb6 {[%clk 01:17:03]} {[%emt
00:03:20]} 11. Bb5 {[%clk 01:21:05]} {[%emt 00:05:28]} Ne7 {[%clk 01:16:35]}
{[%emt 00:00:38]} 12. Ne4 {[%clk 01:19:18]} {[%emt 00:01:57]} Bd6 {[%clk
01:16:23]} {[%emt 00:00:22]} 13. d4 {[%clk 01:17:18]} {[%emt 00:02:11]} exd4
{[%clk 00:59:52]} {[%emt 00:16:41]} 14. Nxd4 {[%clk 01:16:24]} {[%emt
00:01:03]} Be5 {[%clk 00:57:01]} {[%emt 00:03:02]} 15. Nf3 {[%clk 01:07:42]}
{[%emt 00:08:52]} Qxd1 {[%clk 00:53:38]} {[%emt 00:03:32]} 16. Raxd1 {[%clk
01:07:34]} {[%emt 00:00:18]} Bf4 {[%clk 00:48:08]} {[%emt 00:05:40]} 17. Bg3
{[%clk 01:05:07]} {[%emt 00:02:37]} Bxg3 {[%clk 00:47:20]} {[%emt 00:00:58]} 18.
fxg3 {[%clk 01:04:44]} {[%emt 00:00:33]} a6 {[%clk 00:37:27]} {[%emt 00:10:04]}
19. Be2 {[%clk 01:02:09]} {[%emt 00:02:44]} Nbd5 {[%clk 00:30:55]} {[%emt
00:06:42]} 20. Rd2 {[%clk 01:01:32]} {[%emt 00:00:46]} b6 {[%clk 00:29:45]}
{[%emt 00:01:22]} 21. Nd4 {[%clk 00:56:02]} {[%emt 00:05:40]} c5 {[%clk
00:24:06]} {[%emt 00:05:49]} 22. Nc6 {[%clk 00:51:25]} {[%emt 00:04:46]} Nxc6
{[%clk 00:11:37]} {[%emt 00:12:39]} 23. Rxd5 {[%clk 00:50:23]} {[%emt
00:01:12]} Re8 {[%clk 00:10:35]} {[%emt 00:01:12]} 24. Bf3 {[%clk 00:49:25]}
{[%emt 00:01:08]} Ne5 {[%clk 00:09:36]} {[%emt 00:01:09]} 25. Rxe5 {[%clk
00:41:42]} {[%emt 00:07:54]} fxe5 {[%clk 00:08:13]} {[%emt 00:01:33]} 26. Nd6
{[%clk 00:39:04]} {[%emt 00:02:47]} Be6 {[%clk 00:07:55]} {[%emt 00:00:27]} 27.
Bxa8 {[%clk 00:38:47]} {[%emt 00:00:28]} Rxa8 {[%clk 00:07:55]} {[%emt
00:00:09]} 28. Nf7+ {[%clk 00:38:09]} {[%emt 00:00:48]} Kg8 {[%clk 00:05:07]}
{[%emt 00:02:58]} 29. Nxe5 {[%clk 00:37:58]} {[%emt 00:00:21]} Bxa2 {[%clk
00:05:07]} {[%emt 00:00:09]} 30. Nd7 {[%clk 00:37:10]} {[%emt 00:00:57]} Be6
{[%clk 00:04:12]} {[%emt 00:01:05]} 31. Ne5 {[%clk 00:34:36]} {[%emt 00:02:44]}
Rd8 {[%clk 00:03:34]} {[%emt 00:00:48]} 32. Nc6 {[%clk 00:33:59]} {[%emt
00:00:47]} Re8 {[%clk 00:03:30]} {[%emt 00:00:14]} 33. Rd1 {[%clk 00:33:36]}
{[%emt 00:00:33]} Bc4 {[%clk 00:03:11]} {[%emt 00:00:29]} 34. Rd2 {[%clk
00:32:03]} {[%emt 00:01:43]} Re6 {[%clk 00:02:41]} {[%emt 00:00:40]} 35. Nd8
{[%clk 00:31:36]} {[%emt 00:00:37]} Re2 {[%clk 00:02:29]} {[%emt 00:00:22]} 36.
Rxe2 {[%clk 00:30:41]} {[%emt 00:01:05]} Bxe2 {[%clk 00:02:29]} {[%emt
00:00:04]} 37. Nc6 {[%clk 00:30:24]} {[%emt 00:00:28]} a5 {[%clk 00:02:21]}
{[%emt 00:00:18]} 38. Kf2 {[%clk 00:29:19]} {[%emt 00:01:15]} Bb5 {[%clk
00:02:17]} {[%emt 00:00:14]} 39. Ne5 {[%clk 00:29:09]} {[%emt 00:00:20]} Kf8
{[%clk 00:02:12]} {[%emt 00:00:15]} 40. Ke3 {[%clk 00:26:39]} {[%emt 00:02:40]}
Ke7 {[%clk 00:02:12]} {[%emt 00:00:07]} 41. g4 {[%clk 00:26:18]} {[%emt
00:00:30]} Ke6 {[%clk 00:01:59]} {[%emt 00:00:23]} 42. Nf3 {[%clk 00:24:52]}
{[%emt 00:01:35]} h6 {[%clk 00:01:48]} {[%emt 00:00:22]} 43. Nd2 {[%clk
00:24:12]} {[%emt 00:00:50]} Ba6 {[%clk 00:01:24]} {[%emt 00:00:34]} 44. h4
{[%clk 00:23:50]} {[%emt 00:00:31]} a4 {[%clk 00:01:24]} {[%emt 00:00:07]} 45.
c4 {[%clk 00:21:42]} {[%emt 00:02:18]} Bb7 {[%clk 00:01:24]} {[%emt 00:00:11]}
46. Nf3 {[%clk 00:20:52]} {[%emt 00:00:59]} Bc6 {[%clk 00:01:24]} {[%emt
00:00:08]} 47. Kd3 {[%clk 00:18:17]} {[%emt 00:02:46]} b5 {[%clk 00:01:12]}
{[%emt 00:00:22]} 48. cxb5 {[%clk 00:16:54]} {[%emt 00:01:33]} Bxb5+ {[%clk
00:01:12]} {[%emt 00:00:04]} 49. Kc3 {[%clk 00:16:54]} {[%emt 00:00:05]} Kd5
{[%clk 00:01:12]} {[%emt 00:00:10]} 50. Nd2 {[%clk 00:16:48]} {[%emt 00:00:16]}
Be2 {[%clk 00:01:02]} {[%emt 00:00:19]} 51. g5 {[%clk 00:16:24]} {[%emt
00:00:34]} hxg5 {[%clk 00:01:02]} {[%emt 00:00:10]} 52. hxg5 {[%clk 00:16:24]}
{[%emt 00:00:02]} Ke5 {[%clk 00:00:47]} {[%emt 00:00:25]} 53. Nc4+ {[%clk
00:13:45]} {[%emt 00:02:49]} Kf4 {[%clk 00:00:32]} {[%emt 00:00:26]} 54. Nd6
{[%clk 00:13:27]} {[%emt 00:00:27]} Kxg5 {[%clk 00:00:23]} {[%emt 00:00:19]} 55.
Ne4+ {[%clk 00:13:27]} {[%emt 00:00:08]} 1/2-1/2